Najludniejsze Miasta Królestwa Polskiego - Statystyki

Ogólne statystyki
  • Ten quiz został rozwiązany 281 razy
  • Średni wynik to 9 z 15
Statystyki odpowiedzi
Populacja Miasto % Poprawnych
28.000 Kraków
98%
5.000 Warszawa
98%
50.000 Gdańsk
93%
12.000 Poznań
90%
15.000 Lwów
84%
9.000 Lublin
78%
12.000 Toruń
75%
4.000 Gniezno
69%
4.500 Bydgoszcz
68%
4.200 Kalisz
43%
6.000 Sandomierz
40%
10.000 Elbląg
20%
3.500 Piotrków Trybunalski
16%
3.400 Biecz
3%
3.000 Rawa Mazowiecka
3%
Nie znaleziono quizów pasujących do podanych kryteriów
Rozkład punktacji
Procent ludzi z każdym wynikiem
Percentyl według liczby udzielonych odpowiedzi
Twoja historia wyników
Nie rozwiązałeś tego quizu